000
00297nam a2200109Ia 4500
008
190902s9999||||xx |||||||||||||| ||und||
100
_a
Dr. Asrar . H. Siddiqi
245
0
_a
Finance of Foreign Trade And Foreign Exchange
260
_a
Karachi
_b
Royal Book Company
_c
2009
300
_a
423
942
_c
BK
999
_c
2829
_d
2829